Challenges for Central Banking : Perspectives from Latin America /

In the wake of the 2008-09 global financial crisis, central banking and monetary policy in many corners of the world came under intense pressure and entered unchartered waters. The breadth and scale of central bank operations have been modified or expanded in unprecedented and even unimaginable ways...

Ամբողջական նկարագրություն

Մատենագիտական մանրամասներ
Հիմնական հեղինակ: Jacome H., Luis I.
Այլ հեղինակներ: Carriere-Swallow, Yan, Faruqee, Hamid, Srinivasan, Krishna
Ձևաչափ: Ամսագիր
Լեզու:English
Հրապարակվել է: Washington, D.C. : International Monetary Fund, 2016.
Առցանց հասանելիություն:Full text available on IMF
LEADER 02144cas a2200229 a 4500
001 AALejournalIMF016639
008 230101c9999 xx r poo 0 0eng d
020 |z 9781513591766 
040 |a BD-DhAAL  |c BD-DhAAL 
100 1 |a Jacome H., Luis I. 
245 1 0 |a Challenges for Central Banking :   |b Perspectives from Latin America /  |c Luis I. Jacome H., Yan Carriere-Swallow, Hamid Faruqee, Krishna Srinivasan. 
264 1 |a Washington, D.C. :  |b International Monetary Fund,  |c 2016. 
300 |a 1 online resource (272 pages) 
500 |a <strong>Off-Campus Access:</strong> No User ID or Password Required 
500 |a <strong>On-Campus Access:</strong> No User ID or Password Required 
506 |a Electronic access restricted to authorized BRAC University faculty, staff and students 
520 3 |a In the wake of the 2008-09 global financial crisis, central banking and monetary policy in many corners of the world came under intense pressure and entered unchartered waters. The breadth and scale of central bank operations have been modified or expanded in unprecedented and even unimaginable ways given the circumstances. Additionally, a fundamental rethinking of central banking and its policy frameworks has been taking place. This volume reflects a multilateral effort to help close the gap in our knowledge in meeting the critical challenges presented by these significant changes, in particular, those confronting central banks in Latin America. The volume's first section provides a panoramic overview of the policy progress made to date and the challenges that lie ahead. The related issue of spillovers and monetary independence is taken up more fully in the next section. The final section presents chapters that reexamine macroprudential and monetary policies and policy frameworks from the perspective of central bank staff members from the region. 
538 |a Mode of access: Internet 
700 1 |a Carriere-Swallow, Yan. 
700 1 |a Faruqee, Hamid. 
700 1 |a Srinivasan, Krishna. 
856 4 0 |z Full text available on IMF  |u http://elibrary.imf.org/view/books/071/23224-9781513591766-en/23224-9781513591766-en-book.xml  |z IMF e-Library